=LDR 00000nam 2200000 4500 =001 INLIS000000000006052 =005 20241016020134 =035 ##$$a 0010-0522000250 =245 1#$$a Kepemimpinan Matsushita /$c JOHN P KOTTER; ALIH BAHASA: FREDERIK RUMA =100 1#$$a KOTTER, John P =250 ##$$a Cet. 1 =300 ##$$a xiii, 365 halaman : $b gambar ; $c 13x20 cm =856 ##$$a OPAC (Rak Tandon - Rak 17) =700 1#$$a RUMA, Frederik =260 ##$$a PT Prenhallindo,$c 2001 =082 ##$$a 923.3 =084 ##$$a 923.3 KOT k =020 ##$$a 979-683-254-3 =650 #4$$a Biografi Ekonom, Biografi Ahli Ekonomi =650 #4$$a Pembelian 2002 =500 ##$$a Pembelian 2002 =520 ##$$a Kepemimpinan Matsushita adalah sebuah biografi dan seklaigus kumpulan pelajaran bagi profesional dan perusahaan besar abad 21. Kisah dan prinsip-prinsip bisnis serta implikasi yang dikemukakan dalam buku ini sangat bermanfaat untuk menciptakan kehidupan yang bermakna. =008 241016###########################0#ind## =990 ##$$a 1171/P-02